000 002630000a22001330004500
003 MACL
040 _aMACL
090 _c39562
_d39560
100 _aEliot, George
245 _aRomola
260 _bJ M Dent & Sons LTD
650 _aNovel
942 _cBOOK
_k823/GEO
999 _c39130
_d39130